000
00338nam a2200145Ia 4500
008
230718s9999 xx 000 0 und d
041
_a
Eng.
082
_a
346.104
_b
PIL-W
100
_a
Pilcher, Rosamunde
245
0
_a
Winter Solstice
260
_a
Pakistan
_b
oxford anivery for
_c
2000
300
_a
245
650
_a
Law
999
_c
26727
_d
26727